Statistics for Byzantine (Eastern Roman) Emperors

Click here to take the quiz!

General Stats

  • This quiz has been taken 2,547 times
  • The average score is 55 of 96

Answer Stats

ReignRuler% Correct
324 - 327Constantine I
97%
641Constantine III
97%
1059 - 1067Constantine X Doukas
97%
1042 - 1055Constantine IX
97%
1025 - 1028Constantine VIII
97%
913 - 959Constantine VII
97%
780 - 797Constantine VI
97%
741 - 775Constantine V
97%
668 - 685Constantine IV
97%
1449 - 1453Constantine XI Palaiologos
97%
518 - 527Justin I
90%
565 - 578Justin II
90%
685 - 695 | 705 - 711Justinian II
85%
527 - 565Justinian I
85%
715 - 717Theodosios III
71%
379 - 395Theodosius I
69%
408 - 450Theodosius II
69%
1347 - 1354John VI Kantakouzenos
67%
1390John VII Palaiologos
67%
1425 - 1448John VIII Palaiologos
67%
1258 - 1261John IV Laskaris
67%
1222 - 1254John III Doukas Vatatzes
67%
1118 - 1143John II Komnenos
67%
969 - 976John I Tzimiskes
67%
1341 - 1376 | 1379 - 1390 | 1390 - 1391John V Palaiologos
67%
976 - 1025Basil II
66%
867 - 886Basil I
66%
886 - 912Leo VI
65%
717 - 741Leo III
65%
775 - 780Leo IV
65%
813 - 820Leo V
65%
474Leo II
65%
457 - 474Leo I
65%
1034 - 1041Michael IV
63%
1041 - 1042Michael V
63%
1056 - 1057Michael VI Bringas
63%
337 - 350Constans I
63%
812 - 813Michael I Rangabe
63%
1259 - 1282Michael VIII Palaiologos
63%
820 - 829Michael II
63%
1067 - 1078Michael VII Doukas
63%
842 - 867Michael III
63%
641 - 668Constans II
63%
1204 - 1204Alexios V Doukas
60%
1180 - 1183Alexios II Komnenos
60%
1195 - 1203Alexios III Angelos
60%
1203 - 1204Alexios IV Angelos
60%
1081 - 1118Alexios I Komnenos
60%
337 - 361Constantius II
60%
361 - 363Julian
58%
364 - 378Valens
52%
364 - 375Valentinian I
51%
395 - 408Arcadius
49%
1391 - 1425Manuel II Palaiologos
48%
912 - 913Alexander
48%
474 - 491Zeno
48%
1143 - 1180Manuel I Komnenos
48%
610 - 641Heraclius
47%
1042 - 1056Theodora
47%
797 - 802Irene of Athens
47%
1068 - 1071Romanos IV Diogenes
43%
1185 - 1195 | 1203 - 1204Isaac II Angelos
43%
713 - 715Anastasios II
43%
491 - 518Anastasius I
43%
1057 - 1059Isaac I Komnenos
43%
920 - 944Romanos I Lekapenos
42%
1028 - 1034Romanos III Argyros
42%
959 - 963Romanos II
42%
1028 - 1050Zoe
40%
363 - 364Jovian
40%
602 - 610Phocas
38%
1254 - 1258Theodore II Laskaris
38%
802 - 811Nikephoros I
38%
1205 - 1222Theodore I Laskaris
38%
963 - 969Nikephoros II Phokas
38%
1078 - 1081Nikephoros III Botaneiates
38%
1183 - 1185Andronikos I Komnenos
37%
1282 - 1328Andronikos II Palaiologos
37%
1328 - 1341Andronikos III Palaiologos
37%
1376 - 1379Andronikos IV Palaiologos
37%
378 - 379Gratian
36%
695 - 705Tiberius III Apsimar
35%
578 - 582Tiberius II Constantine
35%
450 - 457Marcian
35%
582 - 602Maurice
34%
711 - 713Philippikos bardanes
31%
475 - 476Basiliscus
27%
829 - 842Theophilos II
25%
641Heraklonas
22%
811 - 812Staurakios
19%
742 - 743Artabasdos
17%
695 - 698Leontios
17%

Score Distribution

Percentile by Number Answered

Percent of People with Each Score

Your Score History

You have not taken this quiz